Resum d'activitats
Publicado:
Barcelona :
Diputació de Barcelona. Àrea de Salut Pública i Consum. Centres Assistencials Dr. Emili Mira i López ,
2006
Descripción Física:
2 volums : il·lustracions ; 29 cm
Idioma:
Catalán
MARC
| LEADER | 00000nam a2200000Ia 4500 | ||
|---|---|---|---|
| 001 | 21128, 21233 | ||
| 003 | Arxiu | ||
| 005 | 20260324181050.0 | ||
| 008 | 160829d20062007spcaxx s cat c | ||
| 040 | |a AGDB | ||
| 080 | |a FU-27-19, FU-34-42 | ||
| 110 | 2 | |a Centres Assistencials Dr. Emili Mira i López |9 52938 | |
| 245 | 1 | 0 | |a Resum d'activitats |
| 260 | |a Barcelona : |b Diputació de Barcelona. Àrea de Salut Pública i Consum. Centres Assistencials Dr. Emili Mira i López, |c 2006-2007 | ||
| 300 | |a 2 volums : |b il·lustracions ; |c 29 cm | ||
| 310 | |a Anual | ||
| 650 | |a Centres Assitencials Dr. Emili Mira i López (Santa Coloma de Gramenet) | ||
| 710 | |a Barcelona (Catalunya : Província). |b Àrea de Salut Pública i Consum |e entitat editora |9 7348 | ||
| 866 | |a 2006 | ||
| 866 | |a 2007 | ||
| 901 | |a Arxiu | ||
| 942 | |n 1 |2 udc |c ARXIU | ||
| 952 | |0 0 |1 0 |4 0 |6 FU3442 |7 1 |9 51236 |a Arxiu |b Arxiu |d 2023-03-28 |h 2007 |o FU-34-42 |p 21233 |r 2016-12-01 00:00:00 |w 2016-12-01 |y ARXIU | ||
| 952 | |0 0 |1 0 |4 0 |6 FU2719 |7 1 |9 65850 |a Arxiu |b Arxiu |d 2023-03-28 |h 2006 |l 0 |o FU-27-19 |p 21128 |r 2023-03-28 00:00:00 |w 2023-03-28 |y ARXIU | ||
| 999 | |c 55079 |d 55079 | ||